Market leader : Pre- Intermediate business English

Đã lưu trong:
Bibliografiske detaljer
Hovedforfatter: Cotton, David
Format: Bog
Sprog:Undetermined
Udgivet: England Pearson/ Longman 2002
Fag:
Tags: Tilføj Tag
Ingen Tags, Vær først til at tagge denne postø!
Thư viện lưu trữ: Trung tâm Học liệu Trường Đại học Cần Thơ
LEADER 00622nam a2200205Ia 4500
001 CTU_121996
008 210402s9999 xx 000 0 und d
082 |a 428.24 
082 |b C851p/CD.1 
100 |a Cotton, David 
245 0 |a Market leader : 
245 0 |b Pre- Intermediate business English 
245 0 |c David Cotton ; David Falvey ; Simon Kent 
260 |a England 
260 |b Pearson/ Longman 
260 |c 2002 
650 |a English language,English language 
650 |x Study and teaching,Textbooks for foreign speakers 
904 |i M.Loan 
980 |a Trung tâm Học liệu Trường Đại học Cần Thơ